000 01718nam a2200445Ii 4500
001 DIGHERDER0038
003 NyNyDIG
007 cr |||||||||||
008 220409s2016 sp o 000 0 spa d
006 m o d
035 _a(OCoLC)1052766430
040 _aDGITA
_beng
_erda
_epn
_cDGITA
020 _a9788425436420
_qeBook
_qePub
020 _z9788425436413
041 1 _aspa
_hger
050 1 4 _aBL624 ebook
100 1 _aRahner, Karl,
_d1904-1984,
_eauthor.
240 1 0 _aBekenntnis zu Jesus Christus.
_lSpanish
_s(Moreno Carrillo)
245 1 0 _aProfesión de fe en Jesucristo /
_cKarl Rahner ; traducción de Bernardo Moreno Carrillo.
250 _a1a. edición digital.
264 1 _aBarcelona :
_bHerder,
_c2016.
300 _a1 online resource.
336 _atext
_btxt
_2rdacontent
337 _acomputer
_bc
_2rdamedia
338 _aonline resource
_bcr
_2rdacarrier
347 _atext file
_2rdaft
347 _bEPUB
588 0 _aOnline resource; title from ePub title page (Digitalia, viewed April 09, 2022)
650 0 _aSpiritual life.
650 0 _aReligion.
655 0 _aElectronic books.
700 1 _aMoreno Carrillo, Bernardo,
_etranslator.
700 1 _iTranslation of:
_aRahner, Karl,
_d1904-1984.
_tBekenntnis zu Jesus Christus.
791 2 _aDigitalia (Firm),
_edistributor.
793 0 _gDigitalia eBook Collection:
_aHerder Editorial
776 0 8 _iPrint version:
_aRahner, Karl, 1904-1984.
_sBekenntnis zu Jesus Christus. Spanish (Moreno Carrillo).
_tProfesión de fe en Jesucristo.
_dBarcelona : Herder, 2016
_z9788425436413
856 4 0 _3Digitalia Hispánica
_uhttps://www.digitaliapublishing.com/a/60869/
910 _aPremium collection: 2022
942 _cRAA
999 _c257244
_d257244